| 000 | 00742nam a22002177a 4500 | ||
|---|---|---|---|
| 003 | UA-OsUOA | ||
| 001 | 108429 | ||
| 007 | ta | ||
| 008 | 20141020b un ||||| |||| 00| 0 ukr d | ||
| 100 | _aШкрібляк М. | ||
| 090 |
_a101 _bШ67 |
||
| 942 | _cSA | ||
| 040 |
_aUA-OsUOA _bukr _cUA-OsUOA _dUA-OsUOA |
||
| 245 | _aФормування ренесансного світогляду українців в умовах бездержавності та піднесення ідей "польського сарматизму" | ||
| 300 | _aС.71-75 | ||
| 955 | _a0 | ||
| 041 | _aukr | ||
| 080 | _a101 | ||
| 773 | 0 |
_w108419 _tМандрівець _dТернопіль _d2014 _g3 |
|
| 650 | 7 |
_a1 Філософські науки _2UDC |
|
| 999 |
_c394926 _d394926 |
||